00526 2200181 4500001002100000005001500021035002000036008003900056245010500095100002000200260004600220084001300266082000700279650000800286250001000294300002500304990001500329INLIS00000000000447120260429085413 a0010-0125000178260429 | | | 1 aGambaran Kadar Hemoglobin Pada Ibu Hamil Di Uptd Puskesmas Kalampangan Tahun 2023 /cAhmad Alfianoor aAhmad Alfianoor aPalangka Raya :bPerpustakaan UMPR,c2024 a72 AHM g a72 4aKTI aCet 1 axvi, 40 hlm :bIlus. a2172024276